Cuentos de buenas noches para niñas rebeldes 2 / (Registro nro. 4492)

Detalles MARC
000 -LÍDER
campo de control de longitud fija 01450nam a2200325Ia 4500
003 - IDENTIFICADOR DE NÚMERO DE CONTROL
campo de control OSt
005 - FECHA Y HORA DE LA ÚLTIMA
campo de control 20240206220553.0
008 - ELEMENTOS DE DATOS DE LONGITUD FIJA - INFORMACIÓN GENERAL
campo de control de longitud fija 191128s2018 ck a gr 000 0dspa d
020 ## - NÚMERO INTERNACIONAL NORMALIZADO DEL LIBRO
Número de libro estándar internacional 9789584266668
037 ## - FUENTE DE ADQUISICIÓN
Materials specified Donación
040 ## - FUENTE DE CATALOGACIÓN
Agencia de catalogación original CO-JMCR
Agencia de transcripción CO-JMCR
Agencia modificadora CO-JMCR
Convenciones de descripción rda
041 1# - CÓDIGO DE IDIOMA
Código de idioma del texto/pista de sonido o título independiente spa
Código de idioma del original eng
082 04 - NÚMERO DE CLASIFICACIÓN DECIMAL DEWEY
Número de artículo C
Número de edición CAVc
100 1# - ENTRADA PRINCIPAL - NOMBRE PERSONAL
Nombre personal Cavallo, Francesca,
Término relativo autora
9 (RLIN) 10855
245 10 - DECLARACIÓN DEL TÍTULO
Título Cuentos de buenas noches para niñas rebeldes 2 /
Declaración de responsabilidad, etc. Francesca Cavallo y Elena Favilli ; traducción, Graciela Romero Saldaña ; investigación, Ariana Giorgia Bonazzi
250 ## - DECLARACIÓN DE EDICIÓN
Declaración de edición Primera edición
260 ## - PUBLICACIÓN, DISTRIBUCIÓN, ETC.
Lugar de publicación, distribución, etc. Bogotá :
Nombre del editor, distribuidor, etc. Planeta,
Fecha de publicación, distribución, etc. 2018
300 ## - DESCRIPCIÓN FÍSICA
Medida 212 páginas :
Otros detalles fisicos ilustraciones a color ;
Dimensiones 24 cm.
500 ## - NOTA GENERAL
Nota general Incluye datos biográficos de los autores.
520 3# - RESUMEN, ETC.
Resumen, etc La nueva entrega del betseller internacional que inspira a las niñas de todos los rincones del mundo a soñar en grande, aspirar a más y luchar con fuerza. Es una colección totalmente inédita de cuentos que celebran a más mujeres extraordinarias, como Rigobe
521 ## - NOTA PARA EL PÚBLICO OBJETIVO
Nota de público objetivo Infantil
546 ## - NOTA DE IDIOMA
Nota de idioma traducción del inglés
650 14 - ENTRADA AÑADIDA DE ASUNTO - TÉRMINO TEMÁTICO
Fuente del encabezado o término Mujeres
Subdivisión general literatura juvenil
Subdivisión de formulario biografías
9 (RLIN) 10856
650 14 - ENTRADA AÑADIDA DE ASUNTO - TÉRMINO TEMÁTICO
Fuente del encabezado o término Mujeres
Subdivisión general cuentos
Subdivisión de formulario biografías
9 (RLIN) 10857
650 24 - ENTRADA AÑADIDA DE ASUNTO - TÉRMINO TEMÁTICO
Fuente del encabezado o término Biografía de mujeres
9 (RLIN) 10858
700 1# - ENTRADA AGREGADA - NOMBRE PERSONAL
Nombre personal Favilli, Elena,
Término relativo autora
9 (RLIN) 10859
700 1# - ENTRADA AGREGADA - NOMBRE PERSONAL
Nombre personal Romero Saldaña, Graciela,
Término relativo traductora
9 (RLIN) 10860
700 1# - ENTRADA AGREGADA - NOMBRE PERSONAL
Nombre personal Bonazzi, Ariana Giorgia,
Término relativo investigadora
9 (RLIN) 10861
942 ## - ELEMENTOS DE ENTRADA AÑADIDOS (KOHA)
Source of classification or shelving scheme Dewey Decimal Classification
Tipo de artículo Koha Books
999 ## -
-- 4492
-- 4492
Existencias
Estado retirado